| Tag |
First Indicator |
Second Indicator |
Subfields |
| LEADER |
00000cam a2200000 4500 |
| 001 |
in00000506413 |
| 005 |
20151013061713.0 |
| 008 |
740912s1951 ilua 00000 eng |
| 010 |
|
|
|a 51001684
|
| 035 |
|
|
|a (OCoLC)01006323
|
| 035 |
|
|
|9 ACD1047AM
|
| 040 |
|
|
|c ITD
|d MCL
|d TXA
|d UtOrBLW
|
| 049 |
|
|
|a TXAM
|c [1393856]
|
| 050 |
0 |
0 |
|a QM451
|b .H28
|
| 082 |
0 |
|
|a 611.8084
|
| 100 |
1 |
|
|a Hausman, Louis,
|d 1891-
|
| 245 |
1 |
0 |
|a Atlases of the spinal cord and brainstem and the forebrain. : [atlas I.
|
| 250 |
|
|
|a 1st ed.].
|
| 264 |
|
1 |
|a Springfield, Ill. :
|b Thomas,
|c [1951]
|
| 264 |
|
4 |
|c [©1951]
|
| 300 |
|
|
|a 63 pages :
|b (pages 15-63 illustrations) ;
|c 28 cm.
|
| 336 |
|
|
|a text
|b txt
|2 rdacontent
|
| 337 |
|
|
|a unmediated
|b n
|2 rdamedia
|
| 338 |
|
|
|a volume
|b nc
|2 rdacarrier
|
| 500 |
|
|
|a Supplemented by Atlas IV: Photographs of microscopic serial sections of the human spinal cord and brain.
|
| 650 |
|
0 |
|a Brain.
|
| 650 |
|
0 |
|a Spinal cord.
|
| 740 |
0 |
|
|a Photographs of microscopic serial sections of the human spinal cord and brain.
|
| 999 |
|
|
|a MARS
|
| 999 |
f |
f |
|s 0c9aa69b-c446-3452-a53c-9a5b04ee917d
|i 1e9f324e-83c7-3eaa-9717-d9ce0d5602d2
|t 0
|
| 952 |
f |
f |
|p ric
|a Texas A&M University
|b Rellis Campus
|c Joint Library Facility
|d Remote Storage
|t 0
|e QM451 .H28
|h Library of Congress classification
|i unmediated -- volume
|m A14804986085
|
| 998 |
f |
f |
|a QM451 .H28
|t 0
|l Remote Storage
|